Informe sobre la composición química y el contenido de plata y plomo de los minerales de sierra Almagrera y sobre su tratamiento metalúrgico / (Record no. 26383)

MARC details
000 -LEADER
campo de control de longitud fija 00809nam a2200169 i 4500
001 - NÚMERO DE CONTROL
campo de control 26383
003 - IDENTIFICADOR DE NÚMERO DE CONTROL
campo de control ES-MaACL
005 - FECHA Y HORA DE LA ÚLTIMA TRANSACCIÓN
campo de control 20230906153431.0
007 - CAMPO FIJO DE DESCRIPCIÓN FÍSICA--INFORMACIÓN GENERAL
campo de control de longitud fija t|
008 - DATOS DE LONGITUD FIJA--INFORMACIÓN GENERAL
campo de control de longitud fija 190509s1842 sp ||||1| spa d
100 1# - ENTRADA PRINCIPAL--NOMBRE DE PERSONA
Nombre de persona Kersten, Carlos.
9 (RLIN) 167000
245 10 - MENCIÓN DEL TÍTULO
Título Informe sobre la composición química y el contenido de plata y plomo de los minerales de sierra Almagrera y sobre su tratamiento metalúrgico /
Mención de responsabilidad, etc. por Carlos Kersten.
260 ## - PUBLICACIÓN, DISTRIBUCIÓN, ETC.
Lugar de publicación, distribución, etc. Almería :
Nombre del editor, distribuidor, etc. [s.n.],
Fecha de publicación, distribución, etc. 1842 (
Fabricante Imp. y Librería de Ramón González)
300 ## - DESCRIPCIÓN FÍSICA
Extensión 8 p. ;
Dimensiones 20 cm.
650 #4 - PUNTO DE ACCESO ADICIONAL DE MATERIA--TÉRMINO DE MATERIA
Término de materia o nombre geográfico como elemento de entrada Minerales-
Subdivisión geográfica Sierra de Almagrera (Almería)
9 (RLIN) 167001
852 ## - LOCALIZACIÓN
Ubicación ES-MaACL
Número de control de estantería B-8924(4).-
Nota libre Legado de Federico de Botella y de Hornos
-- .- Encuadernado en un vol. facticio agrupado con el nombre en el lomo: España, geología, memorias y documentos varios 1 a 8
Holdings
Estatus retirado Estado de pérdida Estado de daño No para préstamo Colección Biblioteca de origen Biblioteca actual Ubicación en estantería Fecha de adquisición Fuente de adquisición Total de préstamos Signatura topográfica completa Código de barras Visto por última vez Precio de reemplazo Tipo de ítem Koha
        Libros del s. XIX Biblioteca del Ateneo de Madrid Biblioteca del Ateneo de Madrid Sala Pardo Bazán 09/05/2019     B-8924(4) 1200502 23/02/2023 23/02/2023 Libro impreso antiguo